Systém rozpoznania izolovaných slov

Na minha lista:
Detalhes bibliográficos
Autor principal: Gura, Jakub (Author)
Outros Autores: Kačur, Juraj (Thesis advisor)
Formato: Manuscrito Livro
Idioma:eslovaco
Publicado em: Bratislava : STU v Bratislave FEI, 2024
Assuntos:
Acesso em linha:https://opac.crzp.sk/?fn=detailBiblioFormChildWPRV5&sid=9A7D98113A4E7D6F09AA70A0EB46&seo=CRZP-detail-kniha
Tags: Adicionar Tag
Sem tags, seja o primeiro a adicionar uma tag!

MARC

LEADER 00000ntm a22000003a 4500
001 stuzp96693
003 SK-STU
005 20250430111634.0
007 ta
008 150427s2015----xo-----f-mn---000-0-slo-d
040 |a STU  |b slo 
041 0 |a slo 
044 |a xo 
100 1 |a Gura, Jakub  |u 037000  |4 aut  |U FEI Fakulta elektrotechniky a informatiky  |T FEI Ústav multimediálnych informačných a komunikačných technológií  |X 102837  |U E070  |Y 818  |7 102837 
242 0 1 |a Speech recognition system for isolated word recognition  |y eng 
245 1 0 |a Systém rozpoznania izolovaných slov 
260 |a Bratislava :  |b STU v Bratislave FEI,  |c 2024 
300 |a 81 s. 
650 4 |a systém  |2 slo 
650 4 |a návrh softvéru  |2 slo 
650 4 |a rozpoznávanie slov  |2 slo 
650 4 |a neurónové siete  |2 slo 
650 4 |a neural network  |2 eng 
650 4 |a software design  |2 eng 
650 4 |a word recognition  |2 eng 
650 4 |a system  |2 eng 
700 1 |a Kačur, Juraj  |u 037000  |k Z1  |4 ths  |U FEI Fakulta elektrotechniky a informatiky  |T FEI Ústav multimediálnych informačných a komunikačných technológií  |X 1861  |U E070  |Y 818  |7 A000001861 
856 4 |u https://opac.crzp.sk/?fn=detailBiblioFormChildWPRV5&sid=9A7D98113A4E7D6F09AA70A0EB46&seo=CRZP-detail-kniha